000 00936nam a22002897a 4500
001 5863
003 FISKH
005 20250127095432.0
008 250127b cb ||||| |||| 00| 0 eng d
020 _aB2K5615211
040 _aFISKH
_beng
_cFISKH
_dFISKH
050 _aPZ7.B7633
082 _a813.54
100 _aBridwell, Norman
_d(1928–2014)
245 _aClifford at the circus /
_cNorman Bridwell
250 _aThis edition first printing in 2013
260 _aNew York :
_bScholastic,
_c1977.
300 _a30 pages :
_bcolor illustrations ;
_c21 cm
505 _aJ
520 _aJuvenile Fiction. Juvenile Literature. HTML: The big dog hits the big top and this is no time for clowning around. Clifford needs to save the circus and rescue Emily Elizabeth.
521 8 _a480
_bLexile
521 8 _aJ
_bRaz-Plus
650 _2Clifford
_aPets
650 _2Clowns
_aDogs
942 _2ddc
_cBK
_n0
999 _c5863
_d5863